Egermeier's Bible story book. (Record no. 16903)

000 -LEADER
fixed length control field 00486nam a2200169 a 4500
001 - CONTROL NUMBER
control field :::00020243$&:&@@
003 - CONTROL NUMBER IDENTIFIER
control field OkBaRHE
005 - DATE AND TIME OF LATEST TRANSACTION
control field 20020207185227.0
008 - FIXED-LENGTH DATA ELEMENTS--GENERAL INFORMATION
fixed length control field s1963 j 000 0 eng u
040 ## - CATALOGING SOURCE
Transcribing agency
100 1# - MAIN ENTRY--PERSONAL NAME
Personal name Eggermeier, Elsie E.
245 10 - TITLE STATEMENT
Title Egermeier's Bible story book.
260 ## - PUBLICATION, DISTRIBUTION, ETC. (IMPRINT)
Place of publication, distribution, etc Anderson, IN
Name of publisher, distributor, etc Warner Press
Date of publication, distribution, etc 1963
300 ## - PHYSICAL DESCRIPTION
Extent 576 p.
942 ## - ADDED ENTRY ELEMENTS (KOHA)
Source of classification or shelving scheme
Koha item type Books
Copies
Date last seen Price effective from Withdrawn status Lost status Permanent Location Date acquired Copy number Shelving location Full call number Barcode Damaged status Koha item type Not for loan Source of classification or shelving scheme
2018-02-202010-04-14  RHEMA Bible Training College2010-04-141General StacksBS 551 .E420243 Books